00642cam a2200205u 450000100060000000300080000600500170001400800400003103500190007104000280009004100080011808200270012610000590015324500750021225000110028726000500029830000300034865000160037870000420039415058BD-RjUL20211208235737.0140209s1960 pau 000 0 eng  a(BD-RjUL)15112 aDLCcCarPdBD-RjULbeng aeng 223a657.0951bNEA 19601 aNeuner, John Joseph William,d1900- [from old catalog]10aAccounting systems /c John Joseph William Neuner and Ulrich J. Neuner a3d ed. aScranton :bInternational Textbook Co, c1960 a577 p. :bill . ;c24 cm. 0aAccounting.1 aNeuner, Ulrich J., [from old catalog]